Are global financial market influenced by behavioral effects?
Koncepčné otázky interpretujúce behaviorálne vplyvy na akciových trhoch. Vplyv behaviorálnych účinkov účastníkov trhu na výnosy z ceny akcií, volatility a objemy obchodov. Analýza a predpoveď základných a behaviorálnych vplyvov na pohyby akciových trhov na základe analýzy vybraných indexov svetových...
Gespeichert in:
| 1. Verfasser: | |
|---|---|
| Weitere Verfasser: | |
| Format: | Buchkapitel |
| Sprache: | Englisch |
| Schlagworte: | |
| Tags: |
Keine Tags, Fügen Sie das erste Tag hinzu!
|
MARC
| LEADER | 00000nla a2200000 4500 | ||
|---|---|---|---|
| 001 | 0238840 | ||
| 005 | 20240502073850.9 | ||
| 041 | 0 | |a eng | |
| 044 | |a SK | ||
| 245 | 1 | 0 | |a Are global financial market influenced by behavioral effects? |c Miloš Bikár, Katarína Vavrová |
| 520 | |a Koncepčné otázky interpretujúce behaviorálne vplyvy na akciových trhoch. Vplyv behaviorálnych účinkov účastníkov trhu na výnosy z ceny akcií, volatility a objemy obchodov. Analýza a predpoveď základných a behaviorálnych vplyvov na pohyby akciových trhov na základe analýzy vybraných indexov svetových akciových trhov pomocou modelu dynamickej korelácie. Vzťah medzi indexom US S&P 500 a vybranými makroekonomickými premennými a ukazovateľmi správania na údajoch z obdobia 1999-2017. | ||
| 610 | 2 | 0 | |a globalizácia |
| 610 | 2 | 0 | |a trh finančný |
| 610 | 2 | 0 | |a trh finančný medzinárodný |
| 610 | 2 | 0 | |a trh akciový |
| 610 | 2 | 0 | |a volatilita |
| 610 | 2 | 0 | |a financie behaviorálne |
| 610 | 2 | 0 | |a ekonómia behaviorálna |
| 610 | 2 | 0 | |a investori |
| 610 | 2 | 0 | |a správanie |
| 610 | 2 | 0 | |a psychológia |
| 610 | 2 | 0 | |a odhady |
| 610 | 2 | 0 | |a modely matematicko-štatistické |
| 610 | 2 | 0 | |a modelovanie |
| 610 | 2 | 0 | |a indexy |
| 100 | 1 | |a Bikár, Miloš, 1973- | |
| 700 | 1 | |a Vavrová, Katarína, 1960- | |